| 000 | 01500cam a22003855a 4500 | ||
|---|---|---|---|
| 001 | 2189 | ||
| 005 | 20231108151635.0 | ||
| 020 | _a9780736227872 | ||
| 020 | _a0736227873 | ||
| 040 |
_aDLC _cDLC _beng |
||
| 050 | 0 | 0 |
_aPE1121 _b.C568 1999 |
| 082 | _2362.7819615509 | ||
| 100 | 1 | _aCoerr, Eleanor | |
| 245 | 1 | 0 |
_aSadako and the thousand paper cranes / _cby Eleanor Coerr ; paintings by Ronald Himler. |
| 250 | _aFirst Scholastic printing, January 2000 | ||
| 260 |
_aNew York : _bScholastic, _c1977 |
||
| 300 |
_a76 pages : _billustrations _c20 cm |
||
| 490 | 0 | _aInside/Inzone Books. | |
| 500 | _aGrades 6-8. | ||
| 500 | _aReading level: Grades 1-3 | ||
| 500 | _aReprint. Originally published in 1977. | ||
| 500 | _aFormally referred to as The Exchange series | ||
| 505 | 0 | _aM | |
| 520 | _aHospitalized with the dreaded atom bomb disease, leukemia, a child in Hiroshima races against time to fold one thousand paper cranes to verify the legend that by doing so a sick person will become healthy. | ||
| 521 |
_a690 _bLexile |
||
| 521 |
_aM _bRaz-Plus |
||
| 650 | 0 | _aReaders (Secondary) | |
| 650 | 0 |
_aReading comprehension _vJuvenile literature. |
|
| 650 | 0 |
_aEnglish language _vTextbooks for foreign speakers _vJuvenile literature. |
|
| 650 | 0 |
_aLeukemia in children _vJuvenile literature. |
|
| 650 | 0 |
_aAtomic bomb _xPhysiological effect _vJuvenile literature. |
|
| 700 | 1 |
_aHimler, Ronald _eillustrator |
|
| 906 |
_a0 _bibc _corigres _d2 _encip _f20 _gy-gencatlg |
||
| 942 |
_2ddc _cBK _n0 |
||
| 999 |
_c2189 _d2189 |
||